Coplas de Mingo Revulgo / (Record no. 102824)
[ view plain ]
| 000 -LEADER | |
|---|---|
| campo de control de longitud fija | 01753nam a2200289 i 4500 |
| 001 - NÚMERO DE CONTROL | |
| campo de control | 102824 |
| 003 - IDENTIFICADOR DE NÚMERO DE CONTROL | |
| campo de control | ES-MaACL |
| 005 - FECHA Y HORA DE LA ÚLTIMA TRANSACCIÓN | |
| campo de control | 20250815064255.0 |
| 007 - CAMPO FIJO DE DESCRIPCIÓN FÍSICA--INFORMACIÓN GENERAL | |
| campo de control de longitud fija | t| |
| 008 - DATOS DE LONGITUD FIJA--INFORMACIÓN GENERAL | |
| campo de control de longitud fija | 051213s1787 sp |||| | spa d |
| 130 0# - ENTRADA PRINCIPAL--TÍTULO UNIFORME | |
| Título uniforme | Coplas de Mingo Revulgo. |
| 9 (RLIN) | 160681 |
| 245 10 - MENCIÓN DEL TÍTULO | |
| Título | Coplas de Mingo Revulgo / |
| Mención de responsabilidad, etc. | compuestas por Rodrigo de Cota (El Tio) natural de la ciudad de Toledo ; glosadas por Hernando del Pulgar. |
| 260 ## - PUBLICACIÓN, DISTRIBUCIÓN, ETC. | |
| Lugar de publicación, distribución, etc. | Madrid : |
| Nombre del editor, distribuidor, etc. | Antonio Sancha, |
| Fecha de publicación, distribución, etc. | 1787. |
| 300 ## - DESCRIPCIÓN FÍSICA | |
| Extensión | 145 p. ; |
| Dimensiones | 26 cm. |
| 490 1# - MENCIÓN DE SERIE | |
| Mención de serie | Colección de las crónicas y memorias de los reyes de Castilla ; |
| Designación de volumen o secuencia | 6 |
| 505 8# - NOTA DE CONTENIDO CON FORMATO | |
| Nota de contenido con formato | Contiene incluida en la paginación: Coplas de Mingo Revulgo / glosadas por Juan Martínez de Barros ... año de 1564. Carta del levantamiento de Toledo en 19 de julio de 1467 : [traslado de una carta que está en los archivos de esta santa iglesia de Toledo que escribió Pedro de Mesa]. Claros varones de Castilla / de Fernando de Pulgar... Título I. Del rey Don Enrique Quarto. Compediosa historia hispanica edita á Roderico Sanctij... Tabla de los capitulos de [de la Cronica del rey d. Enrique el Quarto] |
| 530 ## - NOTA DISPONIBLE DE FORMULARIO FÍSICO ADICIONAL | |
| Nota de formato físico adicional disponible | Disponible en formato digital. |
| 700 1# - ENTRADA AGREGADA--NOMBRE PERSONAL | |
| Nombre de persona | Cota, Rodrigo, |
| Fechas asociadas al nombre | ca. 1450-ca. 1504 |
| 9 (RLIN) | 41158 |
| 700 1# - ENTRADA AGREGADA--NOMBRE PERSONAL | |
| Nombre de persona | Pulgar, Fernando del ( |
| Fechas asociadas al nombre | ca. 1430-ca. 1493) |
| 9 (RLIN) | 94365 |
| 700 1# - ENTRADA AGREGADA--NOMBRE PERSONAL | |
| Nombre de persona | Martínez de Barros, Juan. |
| 9 (RLIN) | 77980 |
| 700 1# - ENTRADA AGREGADA--NOMBRE PERSONAL | |
| Nombre de persona | Mesa, Pedro de. |
| 9 (RLIN) | 80633 |
| 700 1# - ENTRADA AGREGADA--NOMBRE PERSONAL | |
| Nombre de persona | Sánchez de Arévalo, Rodrigo. |
| 9 (RLIN) | 102569 |
| 830 00 - PUNTO DE ACCESO ADICIONAL DE SERIE-TÍTULO UNIFORME | |
| Título uniforme | Colección de las crónicas y memorias de los reyes de Castilla |
| Designación de volumen o secuencia | 6 |
| 9 (RLIN) | 184660 |
| 852 ## - LOCALIZACIÓN | |
| Ubicación | ES-MaACL |
| Número de control de estantería | R-1296(2) |
| Nota libre | - Encuadernado con otras obras |
| Encuadernación | Olim : G-13142 |
| 856 ## - LOCALIZACIÓN Y ACCESO ELECTRÓNICOS | |
| Identificador Uniforme de Recursos | <a href="http://bibliotecadigital.jcyl.es/i18n/consulta/registro.cmd?id=5445">http://bibliotecadigital.jcyl.es/i18n/consulta/registro.cmd?id=5445</a> |
| Nota pública | Biblioteca Digital de Castilla y León |
| Estatus retirado | Estado de pérdida | Estado de daño | No para préstamo | Colección | Biblioteca de origen | Biblioteca actual | Ubicación en estantería | Fecha de adquisición | Fuente de adquisición | Total de préstamos | Signatura topográfica completa | Código de barras | Visto por última vez | Precio de reemplazo | Tipo de ítem Koha |
|---|---|---|---|---|---|---|---|---|---|---|---|---|---|---|---|
| Colección digital | Biblioteca del Ateneo de Madrid | Biblioteca del Ateneo de Madrid | Depósito | 17/01/2008 | R-1296(2) | 1107342 | 23/02/2023 | 23/02/2023 | Libro impreso antiguo |
